000 00513nam a2200181Ia 4500
003 GCL
008 140319s9999 xx 000 0 ara d
040 _aGCL /
_cGCL
082 0 4 _a128
_bا ح
100 1 _aاحمد نذير السادات
245 1 0 _aالحياة بعد الموت /
_cاحمد نذير السادات
700 1 _aعصام الشيخ قاسم (مترجم)
490 _a
650 0 4 _aالموت
650 0 4 _aالحياة
650 0 4 _aالفلسفة - نظريات
942 _2ddc
_cBK
999 _c38882
_d38882